[Event "Sao Bernardo do Campo LXSBC op"]
[Site "Sao Bernardo do Campo"]
[Date "2012.05.20"]
[Round "5"]
[White "Rodrigues, Leandro Pereira"]
[Black "Cadilhac, Igor Tokuichi Kikuc"]
[Result "0-1"]
[WhiteElo "1851"]
[BlackElo "1766"]
[PlyCount "84"]
[EventDate "2012.05.18"]
[EventType "swiss"]
[EventRounds "6"]
[EventCountry "BRA"]
[SourceTitle "EXT 2014"]
[Source "ChessBase"]
[SourceDate "2013.11.20"]
[SourceVersion "1"]
[SourceVersionDate "2013.11.20"]
[SourceQuality "1"]

1. d4 Nf6 2. Nf3 g6 3. g3 Bg7 4. Bg2 0-0 5. 0-0 d6 6. c4 c5 7. dxc5 dxc5 8. Qxd8 Rxd8 9. Ne5 Na6 10. Nc3 Nb4 11. Bf4 Nh5 12. Rfd1 Rf8 13. Na4 g5 14. Bxg5 f6 15. Bh4 Nc2 16. Rab1 fxe5 17. Bxe7 Re8 18. Bxc5 Nd4 19. Bd5+ Be6 20. Nc3 Bh6 21. Rd3 Bxd5 22. cxd5 Bg7 23. e4 Red8 24. f3 Rdc8 25. Bxd4 exd4 26. Nb5 Rc4 27. Nd6 Rb4 28. a3 Rb6 29. Nc4 Rg6 30. Kf2 Rc8 31. Nd2 Rc2 32. Ke1 Nf4 33. gxf4 Rg1+ 34. Nf1 Bf6 35. Kd1 Rf2 36. Kc1 Rfxf1+ 37. Kc2 Rf2+ 38. Kb3 Rxb1 39. d6 b5 40. Kb4 Rc2 41. Ka5 Rbxb2 42. Rd1 Rc6 0-1

[Event "Osasco op"]
[Site "Osasco"]
[Date "2012.04.22"]
[Round "5"]
[White "Dias, Simao Poscidonio"]
[Black "Rodrigues, Leandro Pereira"]
[Result "1-0"]
[WhiteElo "2055"]
[BlackElo "1858"]
[PlyCount "37"]
[EventDate "2012.04.20"]
[EventType "swiss"]
[EventRounds "6"]
[EventCountry "BRA"]
[SourceTitle "CBM 148 Extra"]
[Source "ChessBase"]
[SourceDate "2012.06.22"]
[SourceVersion "1"]
[SourceVersionDate "2012.06.22"]
[SourceQuality "1"]

1. e4 c6 2. d4 d5 3. exd5 cxd5 4. c4 e6 5. Nc3 Nf6 6. Nf3 Nc6 7. Bg5 Be7 8. cxd5 Nxd5 9. Bxe7 Qxe7 10. Bb5 Bd7 11. 0-0 0-0 12. Qd2 Rac8 13. Rfe1 Qb4 14. Bxc6 Bxc6 15. Nxd5 Qxd2 16. Ne7+ Kh8 17. Nxd2 Rc7 18. Nxc6 Rxc6 19. Rac1 1-0

[Event "American Continental 06th"]
[Site "Sao Paulo"]
[Date "2009.08.02"]
[Round "10"]
[White "Costa, Francisco Carlos Da"]
[Black "Rodrigues, Leandro Pereira"]
[Result "1-0"]
[WhiteElo "2019"]
[BlackElo "2022"]
[PlyCount "57"]
[EventDate "2009.07.25"]
[EventType "swiss"]
[EventRounds "11"]
[EventCountry "BRA"]
[SourceTitle "EXT 2022"]
[Source "ChessBase"]
[SourceDate "2021.10.06"]
[SourceVersion "1"]
[SourceVersionDate "2021.10.06"]
[SourceQuality "1"]

1. d4 Nf6 2. g3 g6 3. c4 Bg7 4. Nf3 0-0 5. Bg2 d6 6. Nc3 c6 7. 0-0 Nbd7 8. e4 e5 9. Qc2 b6 10. d5 cxd5 11. exd5 a6 12. Be3 Nc5 13. Rfd1 h6 14. Qc1 Kh7 15. b4 Ncd7 16. Rb1 Ng4 17. Bd2 f5 18. h3 Ngf6 19. Qc2 Ne8 20. Nh4 Bf6 21. Nxg6 Kxg6 22. Qxf5+ Kg7 23. Be4 Rh8 24. Qg6+ Kf8 25. Bxh6+ Bg7 26. Rd3 Qe7 27. Rf3+ Kg8 28. Bf5 Nf8 29. Qg4 1-0

[Event "American Continental 06th"]
[Site "Sao Paulo"]
[Date "2009.07.28"]
[Round "5"]
[White "Rodrigues, Leandro Pereira"]
[Black "Guerrero, Hernando"]
[Result "0-1"]
[WhiteElo "2022"]
[BlackElo "1985"]
[PlyCount "49"]
[EventDate "2009.07.25"]
[EventType "swiss"]
[EventRounds "11"]
[EventCountry "BRA"]
[SourceTitle "EXT 2022"]
[Source "ChessBase"]
[SourceDate "2021.10.06"]
[SourceVersion "1"]
[SourceVersionDate "2021.10.06"]
[SourceQuality "1"]

1. e4 e6 2. d4 d5 3. Nd2 Nf6 4. Bd3 c5 5. e5 Nfd7 6. c3 Nc6 7. Ne2 Be7 8. 0-0 0-0 9. f4 f5 10. exf6 Nxf6 11. Nf3 cxd4 12. Nexd4 Nxd4 13. cxd4 Qb6 14. Kh1 Kh8 15. Qe2 Bd6 16. Bd2 Bd7 17. Ne5 Bc8 18. Be3 a6 19. g4 Ne4 20. Rf3 Bxe5 21. dxe5 Qa5 22. f5 exf5 23. gxf5 h5 24. Bf4 Bxf5 25. e6 0-1

[Event "American Continental 06th"]
[Site "Sao Paulo"]
[Date "2009.07.25"]
[Round "1"]
[White "Rodrigues, Leandro Pereira"]
[Black "Souza, Marcos Valerio"]
[Result "1/2-1/2"]
[WhiteElo "2022"]
[BlackElo "2169"]
[PlyCount "62"]
[EventDate "2009.07.25"]
[EventType "swiss"]
[EventRounds "11"]
[EventCountry "BRA"]
[SourceTitle "EXT 2022"]
[Source "ChessBase"]
[SourceDate "2021.10.06"]
[SourceVersion "1"]
[SourceVersionDate "2021.10.06"]
[SourceQuality "1"]

1. e4 e6 2. d4 d5 3. Nc3 Bb4 4. exd5 exd5 5. Nf3 Ne7 6. Bg5 f6 7. Be3 0-0 8. Be2 Nbc6 9. 0-0 Nf5 10. Qd2 Re8 11. Bd3 Nce7 12. Bxf5 Nxf5 13. Rfe1 Nd6 14. Qc1 Bg4 15. Nd2 c6 16. Nd1 Nf5 17. c3 Bd6 18. Nf1 Qc7 19. f3 Bh5 20. Qc2 Bg6 21. Qf2 Re7 22. g4 Nxe3 23. Rxe3 Rae8 24. Rxe7 Qxe7 25. Nde3 Qd7 26. Re1 Bc7 27. Ng3 Bb6 28. Nef5 Re6 29. Rxe6 Qxe6 30. Qe3 Qxe3+ 31. Nxe3 Bc7 1/2-1/2